Xây dựng năng lực phát triển cộng đồng

Hội thảo quốc tế lần thứ II về phát triển cộng đồng khu vực Châu Á - Thái Bình Dương; CX013 Phát triển cộng đồng ; CX407 Thực hành Công tác xã hội 2

Αποθηκεύτηκε σε:
Λεπτομέρειες βιβλιογραφικής εγγραφής
Άλλοι συγγραφείς: Viện Khoa học xã hội tại Thành phố Hồ Chí Minh
Μορφή: Βιβλίο
Γλώσσα:Undetermined
Έκδοση: Tp. Hồ Chí Minh 2000
Θέματα:
Διαθέσιμο Online:http://lrc.tdmu.edu.vn/opac/search/detail.asp?aID=2&ID=15542
Ετικέτες: Προσθήκη ετικέτας
Δεν υπάρχουν, Καταχωρήστε ετικέτα πρώτοι!
Thư viện lưu trữ: Trung tâm Học liệu Trường Đại học Thủ Dầu Một
LEADER 00899nam a2200169Ia 4500
001 TDMU_15542
008 210410s9999 xx 000 0 und d
082 |a 307.1 
245 0 |a Xây dựng năng lực phát triển cộng đồng 
260 |a Tp. Hồ Chí Minh 
260 |c 2000 
300 |a 176 tr. 
520 |a Hội thảo quốc tế lần thứ II về phát triển cộng đồng khu vực Châu Á - Thái Bình Dương; CX013 Phát triển cộng đồng ; CX407 Thực hành Công tác xã hội 2 
650 |a Cộng đồng  |x Năng lực phát triển; Hội thảo quốc tế 
700 |a Viện Khoa học xã hội tại Thành phố Hồ Chí Minh 
856 |u http://lrc.tdmu.edu.vn/opac/search/detail.asp?aID=2&ID=15542 
980 |a Trung tâm Học liệu Trường Đại học Thủ Dầu Một